1732 1404 1375 1245 1257 1932 1874 1252 1619 1065 1335 1719 1075 1438 1354 1422 1310 1270 1716 1898 1434 1001 1812 1398 1394 1635 1628 1973 1091 1683 1094 1532 1931 1088 1317 1618 1815 1058 1874 1057 1921 1999 1044 1252 1380 1582 1038 1878 1915 1615 1953 1983 1853 1394 1497 1996 1143 1966 1964 1324 1151 1818 1018 1158 1662 1164 1005 1382 1187 1585 1227 1101 1574 1559 1284 1881 1789 1626 1393 1741 1558 1669 1051 1423 1827 1923 1588 1425 1090 1699 1867 1811 1277 1463 1221 1725 1108 1343 1444 BCNSPRNW ULIB Ver.6.0+V

เปลี่ยนเป็นภาษาไทย

Change to English
 แสดงรายละเอียดบรรณานุกรม
  กลับหน้าหลัก

Brief Record : Get Marc (ISO 2709) : E-mail record : QR code < ปิดหน้าต่าง
LEADER : 00000nam 2200000uu 4500
001    13399121382
003     ULIB
008    110318s2544||||th 000 0 tha d
020    9749580397
060  4 WY20.5^bว429อ
100 0  วันดี แย้มจันทร์ฉาย
245 00 เอกสารประกอบการสอนวิจัยทางการพยาบาล(รหัสวิชา 501499)/^cวันดี แย้มจันทร์ฉาย
260    นครสวรรค์:^bวิทยาลัยพยาบาลบรมราชชนนี สวรรค์ประชารักษ์ นครสวรรค์^c2544
300    135 หน้า :^bตาราง
650  7 การพยาบาล^xวิจัย
945    ^p0^l0^i033107
995    ทศพร
999 ^a ใช้งานได้ทุกระบบ
รายการนี้ยังไม่มีแท็ก
คุณยังไม่ได้ล็อกอิน คุณสามารถมีกิจกรรมร่วมกับเว็บไซต์ได้ แต่ต้องล็อกอินก่อน ::
  ล็อกอิน

รายการสื่อสารสนเทศ

ลำดับที่ ประเภท เลขเรียก/บาร์โค้ด สถานที่ สถานะ
1. วิทยาศาสตร์การแพทย์ และสุขภาพ
วิทยาศาสตร์การแพทย์ และสุขภาพ
WY20.5 ว429อ ฉ.1 
  Barcode: 033107
ห้องสมุดวิทยาเขตสวรรค์ประชารักษ์
►หนังสือทั่วไป
บนชั้น

รายการใกล้เคียง
    ผู้แต่ง [วันดี แย้มจันทร์ฉาย]

BibComment


ยังไม่เคยถูกคอมเมนท์

คอมเมนท์ทรัพยากรรายการนี้
  คอมเมนท์: เอกสารประกอบการสอ..


 Copyright 2026. Bcnsprnw @Library